000 00801nam a2200241Ia 4500
003 OSt
005 20251128101218.0
008 220923b |||||||| |||| 00| 0 eng d
020 _a0415117526
037 _cGeneral Book
040 _aRTL
_cRTL
_beng
041 _2eng
_aeng
084 _aY:3(Q:4193).30j73.N9, N5
_qRTL
100 _aCarrier James G.
_9238022
245 0 _aGifts and commodities: exchange and Western capitalism since 1700
_b
260 _aLondon
_bRoutledge
_c1995
300 _axvi, 240 p.
_bIncludes bibliographical references and index.
490 _aMaterial Cultures
500 _aBibliography: P 212-30
650 _aSociology of Religion Gift
_9288868
942 _hY:3(Q:4193).30j73.N9, N5
_cGB
_2CC
_n0
999 _c578527
_d578527